Historia cultural del japon : una perspectiva /

Guardado en:
Autor Principal: Tazawa, Yutaka
Formato: Libro
Publicado: Japon : Ministerio De Relaciones Exteriores, 1973
Materias:
Etiquetas: Agregar Etiqueta
Sin Etiquetas, Sea el primero en etiquetar este registro!
LEADER 00486nam a22001575a 4500
001 EHU.bham013721
003 AR-BHAM
005 20100304201057.0
008 130507s1973##################000#0#####d
082 9 5 |a 952 
100 1 |a Tazawa, Yutaka 
245 1 0 |a Historia cultural del japon :  |b una perspectiva /  |c Yutaka Tazawa 
260 |a Japon :  |b Ministerio De Relaciones Exteriores,  |c 1973 
300 |a 120p. 
653 |a Historia de japon 
859 |a AR-BHAM  |b BIB. HUMANIDADES - General  |h 952  |i T219  |p 80.95  |t Ej.1